000
00230cam a2200109ua 4500
082
_a
631.587
_b
MIC/IR
100
_a
Michael, A.M.
245
_a
Irrigation Theory and practice
300
_a
; .
504
_a
999
_c
11813
_d
11813